Tramway, Busway, Chronobus de Nantes (Naolib) - Statistiques

Statistiques générales
  • Ce quiz a été pris 373 fois
    141 depuis la dernière actualisation
  • Le résultat moyen est 110 sur 328
Réponses sur la Carte
Les réponses sont colorées sur une échelle allant du rouge au vert en fonction du pourcentage des utilisateurs qui les ont devinées à leur premier essai. Vous pouvez retrouver ces pourcentages ci-dessous.
 
Statistiques - réponses
Réponse % Correct
Commerce
98%
Orvault ─ Grand Val
85%
Pirmil
85%
50 Otages
83%
École Centrale – Audencia
83%
Place du Cirque
83%
Hôtel Dieu
83%
Gare de Pont Rousseau
80%
Le Cardo
80%
Pont Rousseau ─ Martyrs
80%
Bretagne
78%
Gare Sud
78%
François Mitterrand
76%
Gare Nord ─ Jardin des plantes
76%
Haluchère ─ Batignolles
76%
Neustrie
76%
Saint-Félix
76%
Saint-Mihiel
76%
Vincent Gâche
76%
Duchesse Anne ─ Château des ducs de Bretagne
73%
Foch – Cathédrale
71%
Marcel Paul
71%
Morrhonnière ─ Petit Port
71%
Ranzay
71%
Beaujoire
68%
Boulevard de Doulon
68%
Facultés
68%
Gare Maritime
68%
Jamet
68%
Mendès France – Bellevue
68%
Michelet ─ Sciences
68%
Motte Rouge
68%
Wattignies
68%
Bouffay
66%
Hangar à Bananes
66%
Île de Nantes
66%
Porte de Vertou
66%
Recteur Schmitt
66%
Aimé Delrue
63%
Beauséjour
63%
Mairie de Doulon
63%
Mangin
63%
Manufacture
63%
Médiathèque
63%
Babinière
61%
Chêne des Anglais
61%
Moutonnerie
61%
Petit Port
61%
Souillarderie
61%
St-Nicolas
61%
Bourgeonnière
59%
Chantiers Navals
59%
Gare de Chantenay
59%
Jean Jaurès
59%
Rond-Point de Rennes
59%
Beaulieu
56%
Pin Sec
56%
Sillon de Bretagne
56%
Talensac
56%
Viarme ─ Talensac
56%
Château de Rezé ─ François Mitterrand
54%
Hôtel de Ville
54%
Lieu Unique
54%
Rond-Point de Vannes
54%
Schœlcher
54%
8 mai
51%
Cité des Congrès
51%
Espace Diderot
51%
Félix Faure
51%
Greneraie
51%
Halvêque
51%
Hôpital Bellier
51%
Jean Moulin
51%
St-Pierre
51%
Tourmaline
51%
Boissière
49%
Chantrerie - Grandes Écoles
49%
Cirque - Marais
49%
Égalité
49%
Fac de Lettres
49%
Hermeland
49%
Landreau
49%
Rond-Point de Paris
49%
Santos Dumont
49%
Bourdonnières
46%
Longchamp
46%
Orvault Morlière
46%
Plaisance
46%
Poitou
46%
Tertre
46%
Alexandre-Vincent Sainte-Thérèse
44%
Bout des Pavés
44%
Du Chaffault
44%
Joliverie
44%
René Cassin
44%
République
44%
Romanet
44%
Saupin
44%
Trocardière
44%
Batignolles
41%
Chocolaterie
41%
Clos Toreau
41%
Conservatoire
41%
Croissant
41%
Delorme
41%
Édit de Nantes
41%
Ferrière
41%
Frachon
41%
Gare de l'État
41%
Les Sorinières
41%
Neruda
41%
Procé
41%
Tripode
41%
Armor
39%
Balinière
39%
Canclaux
39%
Chapeau Verni
39%
Croix Bonneau
39%
Dervallières
39%
Grande Ouche
39%
Les Couëts
39%
Quai des Antilles
39%
Romain Rolland
39%
St-Donatien
39%
Américains
37%
Bas-Chantenay
37%
Bignon
37%
Cimetière Gaudinière
37%
Haubans
37%
Lauriers
37%
Le Goffic
37%
Malakoff
37%
Mauvoisins
37%
Rennes - Longchamp
37%
Bel Air
34%
Berlin
34%
Berlioz
34%
Bonde
34%
Bonne Garde
34%
Bretéché
34%
Copernic - Musées
34%
Edith Piaf
34%
Éraudière
34%
Harouys
34%
Hippodrome
34%
Jean Rostand
34%
Les Roches
34%
Pont du Cens
34%
St-Stanislas
34%
Vallée
34%
Basse-Goulaine
32%
Bruneau
32%
Champ de Courses
32%
Grand Carcouët
32%
La Carrée
32%
Lamoricière
32%
Mellinet
32%
Mondésir
32%
Plessis Tison
32%
Prairie au Duc
32%
Roseraie
32%
St-Clément
32%
St-Joseph de Porterie
32%
Zénith
32%
Boulevard des Anglais
29%
Centre de Thouaré
29%
Chanzy
29%
Desaix
29%
Monteil
29%
Nizan
29%
Route de la Chapelle
29%
Belges - Montbazon
27%
Châtelets
27%
Chauvinière
27%
Forêt
27%
Lechat
27%
Le Nain
27%
Anatole France
24%
Châtaigniers
24%
Fonderies
24%
Galarne
24%
Grootaers
24%
Keren
24%
La Close
24%
Maraîchers
24%
Platanes
24%
Polyclinique
24%
Pompidou
24%
Ste-Luce
24%
Trianon
24%
Tribunes
24%
Vincent Auriol
24%
Bernanos
22%
Carrière Misery
22%
Chalâtres
22%
Chalonges
22%
Écosse
22%
Fallières
22%
Koufra
22%
Nil
22%
Poincaré
22%
Prairie de Mauves
22%
Sophie Trébuchet
22%
St-Aignan
22%
St-Paul - Salengro
22%
St-Sébastien
22%
Suzanne Lenglen
22%
Toutes-Joies
22%
Angevinière
20%
Bougainville
20%
Cambronne
20%
Coudray
20%
Équipement
20%
Hérelle
20%
Hongrie
20%
Janvraie
20%
Jean Macé
20%
Patouillerie
20%
Porte de Rezé
20%
Salorges
20%
Abel Durand
17%
Basse Chênaie
17%
Bd Charles Gautier
17%
Belloc
17%
Bertrand
17%
Châlet
17%
Doumer
17%
Écoles
17%
Eglantine
17%
Guindré
17%
Lallié
17%
Lamartine
17%
Mairie des Sorinières
17%
Moulin de Porterie
17%
Pontecorvo
17%
Portail Rouge
17%
Ragon
17%
San Francisco
17%
Thébaudières
17%
Bois Hardy
15%
Bourdonnais
15%
Bouvardière
15%
Branchoire
15%
Camus
15%
Clairais
15%
Colonac
15%
Couchant
15%
Cousteau
15%
Félix Tableau
15%
Franklin
15%
Gare des Pas Enchantés
15%
La Coulée
15%
La Roche
15%
Linot
15%
Littré
15%
Lusançay
15%
Noëlles
15%
Profondine
15%
Sully Prudhomme
15%
Tillay
15%
Vesprées
15%
Ambroise Paré
12%
Bergeronnettes
12%
Cochard
12%
Corbinerie
12%
Coty
12%
Courteline
12%
Duguay Trouin
12%
Embellie
12%
Fardière
12%
Parc des Sports
12%
Portricq
12%
Rue de Nantes
12%
Savarières
12%
Baugerie
10%
Blanchet
10%
Bois des Anses
10%
Claude Bernard
10%
Clémencière
10%
Delacroix
10%
Flora Tristan
10%
Gicquelière
10%
Grignon
10%
Grillaud
10%
Halbarderie
10%
Jean Ingres
10%
La Grille
10%
Les Faulx
10%
Papillons
10%
Pyramide
10%
Raoul Dufy
10%
Retas
10%
Rue de Mauves
10%
St-Laurent
10%
Trois Moulins
10%
Verlaine
10%
Beaugency
7%
Bougrière
7%
Bussonnière
7%
Fontaine
7%
Gibraye
7%
Grand Portail
7%
Haute Lande
7%
Lourneau
7%
Maurienne
7%
Minais
7%
Noé Cottée
7%
Perron
7%
Planchonnais
7%
Point du Jour
7%
Pont de la Métairie
7%
Portechaise
7%
Pré Poulain
7%
Quintaine
7%
Canal
5%
Champ Fleuri
5%
Corbon
5%
Douettée
5%
Grezillières
5%
Moulin Cassé
5%
Ouche des Landes
5%
Pinier
5%
Portereau
5%
Rouet
5%
Clos du Moulin
2%
Corberie
2%
Prières
2%
Aucun quiz correspondant
Distribution des résultats
% des personnes avec chaque résultat
Percentile par nombre de réponses
Votre historique - résultats
Vous n’avez pas pris ce quiz depuis la dernière actualisation